Catálogo ilustrado plantas de Cundinamarca : (Registro nro. 18163)

Detalles MARC
000 -CABECERA
Campo de control 00977nam a22002417a 4500
005 - FECHA Y HORA DE LA ULTIMA TRANSACCION
Campo de control 20180803170225.0
008 - ELEMENTOS DE LONGITUD FIJA—INFORMACION GENERAL
Campo de control 140227b1976 ck ||||| |||| 00| 0 spa d
040 ## - FUENTE DE CATALOGACIÓN
Agencia catalogadora original CO-BoIAVH
Agencia transcriptora CO-BoIAVH
041 ## - IDIOMA
Código de idioma para texto/pista de sonido o título separado Español
044 ## - PAÍS DE PUBLICACIÓN
País de publicación Colombia
082 ## - NUMERO DE CLASIFICACION DECIMAL DEWEY
Número de clasificación 580.9864
Número del ítem H88c
100 1# - ASIENTO PRINCIPAL--NOMBRE PERSONAL
Nombre personal Huertas-G, Gustavo
245 10 - MENCION DE TITULO
Título Catálogo ilustrado plantas de Cundinamarca :
Parte restante del título volumen 6
Mención de responsabilidad Gustavo Huertas G. ...[et al]
260 ## - PUBLICACION, DISTRIBUCION, ETC. (PIE DE IMPRENTA)
Lugar de publicación, distribución, etc. Bogotá:
Nombre del editor, distribuidor, etc. Universidad Nacional. Instituto de Ciencias Naturales,
Fecha de publicación, distribución, etc. 1976.
300 ## - DESCRIPCION FISICA
Extensión v. 6, 255 p.
Otros detalles físicos ilustraciones,
Dimensiones 22 cm.
504 ## - NOTA DE BIBLIOGRAFIA, ETC.
Nota de bibliografía Incluye índice y bibliografía
505 ## - NOTA DE CONTENIDO
Nota de contenido v. 6 Verticillatae; Piperales; Salicales; Myricales; Juglandales; Fagales; Urticales; Podostemonales; Aristolochiales; polygonales; Centrospermae
650 ## - ASIENTO SECUNDARIO DE MATERIA - TERMINO TEMATICO
Término temático o nombre geográfico como elemento de entrada Plantas
Subdivisión geográfica Cundinamarca (Colombia)
650 ## - ASIENTO SECUNDARIO DE MATERIA - TERMINO TEMATICO
Término temático o nombre geográfico como elemento de entrada Botánica
Subdivisión geográfica Cundinamarca (Colombia)
650 #6 - ASIENTO SECUNDARIO DE MATERIA - TERMINO TEMATICO
Término temático o nombre geográfico como elemento de entrada Taxonomía vegetal
700 1# - ASIENTO SECUNDARIO - NOMBRE PERSONAL
Nombre personal Camargo, Luis Alfredo
942 ## - ELEMENTOS ADICIONALES (KOHA)
Sistema de clasificación Dewey Decimal Classification
Tipo de ítem Libro
Koha issues (borrowed), all copies 3
Existencias
Withdrawn status Lost status Sistema de Clasificación Damaged status No para préstamo Colección Inventariado Ubicación Permanente Ubicación actual Fecha de adquisición Fuente de Valor Total Checkouts Número topográfico Inventario / Código de Barras Date last seen Ejemplar Price effective from Forma de adquisición Tipo de material
    Dewey Decimal Classification     Fondo Ramiro Osorio Osma Inventariado 2017 Bogotá Bogotá 22/02/2016 Amazon   FRO-580.9864 H88c 039677 22/02/2016 Ej. 1 22/02/2016   Libro